000
00289nam a22001097a 4500
999
_c
4125
_d
4125
008
250121b ||||| |||| 00| 0 eng d
020
_a
9781683424185
082
_a
582 MCK
100
_a
PRECIOUS MCKENZIE
_e
MCKENZIE,PRECIOUS
245
_a
TREES
942
_2
ddc
_h
582 MCK